A CHRISTMAS CAROL (Record no. 12550)
[ view plain ]
| 000 -LEADER | |
|---|---|
| fixed length control field | 00267nam a22000977a 4500 |
| 008 - FIXED-LENGTH DATA ELEMENTS--GENERAL INFORMATION | |
| fixed length control field | 240404b |||||||| |||| 00| 0 eng d |
| 020 ## - INTERNATIONAL STANDARD BOOK NUMBER | |
| International Standard Book Number | 9789383299546 |
| 100 ## - MAIN ENTRY--PERSONAL NAME | |
| Personal name | DICKENS CHARLES |
| 9 (RLIN) | 2531 |
| 245 ## - TITLE STATEMENT | |
| Title | A CHRISTMAS CAROL |
| 260 ## - PUBLICATION, DISTRIBUTION, ETC. (IMPRINT) | |
| Place of publication, distribution, etc. | NEW DELHI |
| Name of publisher, distributor, etc. | LITTLE SCHOLARZ PVT LTD |
| Date of publication, distribution, etc. | 2022 |
| Withdrawn status | Lost status | Source of classification or shelving scheme | Damaged status | Koha normalized classification for sorting | Not for loan | Home library | Current library | Shelving location | Date acquired | Total Checkouts | Full call number | Barcode | Date last seen | Date last checked out | Price effective from | Koha item type |
|---|---|---|---|---|---|---|---|---|---|---|---|---|---|---|---|---|
| Dewey Decimal Classification | DIC_823_000000000000000 | Good Samaritan School Library | Good Samaritan School Library | FICTION | 04/04/2024 | 1 | DIC823 | DIC17874 | 04/15/2025 | 07/11/2024 | 04/04/2024 | BOOK |